Responses for Show #7368 - Wednesday, September 28, 2016

Seth Wilson game 8.

Contestants

[<< previous game]

Harold Leff, a retired actuary from Bay Shore, New York

Erin Post, a statistician from Bettendorf, Iowa

Seth Wilson, a Ph.D. candidate from Chicago, Illinois (whose 7-day cash winnings total $166,500)

[next game >>]

Jeopardy! Round responses

LIECHTENSTEIN
COLLEGE FOOTBALL STADIUM NICKNAMES
AMERICA SINCE 1900
YE OLDE JOB FAIRE
A REAL BUSY BODY
THAT'S T-B-D
(Alex: Each correct response beginning with a "T" and a "B" and a "D" will come later.)
    $200 26
macaroni and cheese

Erin
    $200 1
the Notre Dame Fighting Irish

Seth
    $200 11
Freedom Rides

Seth
    $200 16
sheriff

Seth
    $200 21
abdominal muscles

Seth
    $200 6
a thoroughbred

Harold
    $400 27
skiing

Triple Stumper
    $400 2
Penn State

Seth
    $400 12
a hydroelectric plant (or dam)

Harold
    $400 17
a currier

Seth
    $400 22
a bench press

Erin
    $400 7
a tabloid

Seth
    $3,000 28
[ERRATUM: "Liechtenstein" was misspelled in the clue as shown.]

a crown

Erin
    $600 3
Ohio State

Seth
    $600 13
Hirohito

Triple Stumper
    $600 18
a minstrel

Erin
    $600 23
quadriceps

Seth
    $600 8
a tumbleweed

Erin
    $800 29
Vaduz

Triple Stumper
    $800 4
LSU

Seth
    $800 14
(Clarence) Darrow

Harold
    $800 19
wigs

Seth
    $800 24
Pilates

Seth
    $800 9
tabulated

Erin
    $1000 30
the Holy Roman Empire

Triple Stumper
    $1000 5
Clemson

Harold
    $1000 15
Teapot Dome

Seth
    $1000 20
(Seth: What is an ark builder?)

arkwright

Seth
Triple Stumper
    $1000 25
the barre

Erin
    $1000 10
the Tabard Inn

Triple Stumper

Scores at the first commercial break (after clue 15):

Seth Erin Harold
$3,600 $1,400 $2,400

Scores at the end of the Jeopardy! Round:

Seth Erin Harold
$5,600 $6,600 $2,400

Double Jeopardy! Round responses

ROY LICHTENSTEIN
SPIDERS
THIS & THAT
SAY IT IN LATIN
CITY BOOKS
WHO'S THE BOSS?
(Alex: You have to provide the TV show for the given boss, in the clue.)
    $400 28
pixels

Seth
    $400 27
Australia

Harold
    $400 16
a tranquilizer

Seth
    $400 2
(Harold: What is bona face?)

bona fide

SethHarold
    $400 11
Paris

Harold
    $400 1
Agents of S.H.I.E.L.D.

Seth
    $2,000 25
Pop Art

Seth
    $800 26
The Jungle Book

Erin
    $800 17
a javelin

Harold
    $800 3
antebellum

Erin
    $800 12
Rangoon

Triple Stumper
    $800 7
Hogan's Heroes

Seth
    $1200 24
(Erin: Uh... what is Broadway?)

Times Square

SethErin
    $1200 21
blue

Erin
    $1200 18
balsa wood

Seth
    $1200 4
summa cum laude

Erin
    $1200 13
Petersburg

Harold
    $1200 8
Grey's Anatomy

Erin
    $1600 29
Pablo Picasso

Triple Stumper
    $1600 22
ballooning

Triple Stumper
    $1600 19
the Visigoths

Seth
    $1600 5
Quo Vadis

Seth
    $2,000 14
(Harold: What is Islamabad?)

Baghdad

Harold
    $1600 9
Vinyl

Harold
    $2000 30
Tate

Erin
    $2000 23
the trapdoor spider

Triple Stumper
    $2000 20
"Mary Had A Little Lamb"

Erin
    $2000 6
"O Fortuna"

Seth
    $2000 15
Berlin

Triple Stumper
    $2000 10
(Erin: What is Fresh Off the Boat?)

Happy Days

Erin
Triple Stumper

Scores at the end of the Double Jeopardy! Round:

Seth Erin Harold
$17,600 $12,600 $4,400

[wagering suggestions for these scores]

Final Jeopardy! Round responses

HISTORIC HOMES
(Alex: [To Harold] The Ethiopian king who was displaced by the Italians.)
HaroldWho is Haile Selassie?
$4,400
ErinWho is ?
$12,599
SethWho is Salassie?
$7,601
Haile Selassie

Final scores:

Seth Erin Harold
$25,201 $1 $8,800
8-day champion: $191,701 3rd place: $1,000 2nd place: $2,000

Game dynamics:

Coryat scores:

Seth Erin Harold
$16,400 $10,200 $6,400
24 R
(including 1 DD),
1 W
14 R
(including 1 DD),
2 W
9 R,
2 W
(including 1 DD)

Combined Coryat: $33,000

[game clues] [game scores] [suggest correction]

Game tape date: 2016-07-26
The J! Archive is created by fans, for fans. Scraping, republication, monetization, and malicious use prohibited; this site may use cookies and collect identifying information. See terms. The Jeopardy! game show and all elements thereof, including but not limited to copyright and trademark thereto, are the property of Jeopardy Productions, Inc. and are protected under law. This website is not affiliated with, sponsored by, or operated by Jeopardy Productions, Inc. Join the discussion at JBoard.tv.